[Event "CZE-chT2B 2223"]
[Site "Czech Republic"]
[Date "2023.01.08"]
[Round "6.3"]
[White "Sindler, Michal"]
[Black "Jirasko, Miroslav"]
[Result "1-0"]
[WhiteElo "2118"]
[BlackElo "2043"]
[PlyCount "69"]
[EventDate "2022.10.16"]
[EventType "team-tourn"]
[EventRounds "11"]
[EventCountry "CZE"]
[SourceTitle "EXT 2024"]
[Source "ChessBase"]
[SourceDate "2023.10.10"]
[SourceVersion "1"]
[SourceVersionDate "2023.10.10"]
[SourceQuality "1"]
[WhiteTeam "Pankrac II"]
[BlackTeam "Udlice"]
[WhiteTeamCountry "CZE"]
[BlackTeamCountry "CZE"]

1. e4 c5 2. Nf3 Nc6 3. Bb5 e6 4. 0-0 Nge7 5. c3 a6 6. Ba4 b5 7. Bc2 d5 8. d4 cxd4 9. Nxd4 Bb7 10. Nxc6 Bxc6 11. e5 g6 12. Nd2 Nf5 13. Nf3 Bc5 14. Bxf5 gxf5 15. Nd4 Bd7 16. Qh5 h6 17. Be3 Be7 18. Rad1 Qc7 19. Rfe1 Qxe5 20. Nxe6 Qxe6 21. Bd4 Rg8 22. Rxe6 Bxe6 23. Qxh6 0-0-0 24. Qe3 Rg4 25. f4 Rdg8 26. Rd2 Bf8 27. Be5 Kb7 28. a4 bxa4 29. Qd4 Be7 30. Qxa4 Bc5+ 31. Bd4 Rxf4 32. Qb3+ Kc6 33. Bxc5 Kxc5 34. Qa3+ Kb6 35. Qd6+ 1-0

[Event "Pardubice Czech op-A 33rd"]
[Site "Pardubice"]
[Date "2022.07.28"]
[Round "7"]
[White "Jirasko, Miroslav"]
[Black "Brejnik, Gustav"]
[Result "1-0"]
[WhiteElo "2102"]
[BlackElo "2292"]
[PlyCount "73"]
[EventDate "2022.07.22"]
[EventType "swiss"]
[EventRounds "9"]
[EventCountry "CZE"]
[SourceTitle "CBM 209 Extra"]
[Source "ChessBase"]
[SourceDate "2022.09.30"]
[SourceVersion "1"]
[SourceVersionDate "2022.09.30"]
[SourceQuality "1"]

1. e4 c6 2. Nf3 d5 3. d3 dxe4 4. dxe4 Qxd1+ 5. Kxd1 Nf6 6. Nfd2 h5 7. h4 a5 8. a4 Be6 9. f3 Nbd7 10. Bc4 Bxc4 11. Nxc4 g6 12. Bd2 b6 13. Be3 0-0-0 14. Ke2 Kb7 15. c3 Bh6 16. Bxh6 Rxh6 17. b4 axb4 18. cxb4 Rhh8 19. Nc3 Ra8 20. Rhd1 Rhd8 21. Rab1 Rac8 22. Rb2 Ne8 23. Rbd2 Rc7 24. Ne5 Nxe5 25. Rxd8 Nd6 26. f4 Ng4 27. e5 Nf5 28. Rf8 c5 29. Nb5 Nd4+ 30. Nxd4 cxd4 31. Rxd4 Rc2+ 32. Kd3 Rxg2 33. b5 Kc7 34. Rfd8 Nf2+ 35. Ke3 Ng4+ 36. Kf3 Rf2+ 37. Kg3 1-0

[Event "CZE-ch"]
[Site "Usti nad Labem"]
[Date "2022.05.21"]
[Round "8"]
[White "Jirasko, Miroslav"]
[Black "Horak, Martin"]
[Result "1-0"]
[WhiteElo "2091"]
[BlackElo "2343"]
[PlyCount "85"]
[EventDate "2022.05.14"]
[EventType "swiss"]
[EventRounds "9"]
[EventCountry "CZE"]
[SourceTitle "CBM 208 Extra"]
[Source "ChessBase"]
[SourceDate "2022.07.31"]
[SourceVersion "1"]
[SourceVersionDate "2022.07.31"]
[SourceQuality "1"]

1. c4 e5 2. Nc3 Nf6 3. Nf3 Nc6 4. e3 Bb4 5. Qc2 Bxc3 6. Qxc3 Qe7 7. d3 d5 8. cxd5 Nxd5 9. Qc2 Bf5 10. e4 Ndb4 11. Qc3 Bg4 12. a3 Na6 13. Be2 Bxf3 14. Bxf3 Nd4 15. Bd1 0-0 16. 0-0 Nc5 17. Kh1 Rad8 18. Be3 c6 19. g3 Nce6 20. f4 exf4 21. gxf4 f5 22. b4 Kh8 23. Ra2 Qh4 24. Rg2 Rd7 25. Qc4 Qh3 26. exf5 Nxf5 27. Bc5 Ne3 28. Bxe3 Qxe3 29. Bg4 Rxf4 30. Rxf4 Nxf4 31. Bxd7 Nxg2 32. Qf7 Qe1+ 33. Kxg2 Qd2+ 34. Qf2 Qg5+ 35. Qg3 Qd2+ 36. Qf2 Qg5+ 37. Kh3 Qh6+ 38. Kg3 Qd6+ 39. Kg2 Qd5+ 40. Qf3 Qg5+ 41. Bg4 h5 42. Qf8+ Kh7 43. Qf5+ 1-0

[Event "Teplice City-ch"]
[Site "Teplice"]
[Date "2022.05.17"]
[Round "12"]
[White "Mrkvan, Frantisek"]
[Black "Jirasko, Miroslav"]
[Result "0-1"]
[WhiteElo "1769"]
[BlackElo "2091"]
[PlyCount "128"]
[EventDate "2022.04.05"]
[EventType "tourn"]
[EventRounds "13"]
[EventCountry "CZE"]
[SourceTitle "EXT 2023"]
[Source "ChessBase"]
[SourceDate "2022.10.05"]
[SourceVersion "1"]
[SourceVersionDate "2022.10.05"]
[SourceQuality "1"]

1. e4 c6 2. Nf3 d5 3. Nc3 dxe4 4. Nxe4 Nf6 5. Qe2 Nxe4 6. Qxe4 Qd5 7. Qh4 Qe6+ 8. Be2 Qg4 9. Qxg4 Bxg4 10. d4 e6 11. Bf4 Nd7 12. 0-0-0 Be7 13. Rhe1 0-0 14. Ne5 Bxe2 15. Rxe2 Nb6 16. Bg3 a5 17. Nd3 a4 18. a3 Nc4 19. Ne5 Nxe5 20. Bxe5 b5 21. c3 Rfd8 22. Bf4 Ra7 23. Be3 Rad7 24. Red2 f5 25. f4 h6 26. Re2 Kf7 27. Rde1 Bf6 28. Bd2 Re7 29. Kc2 g5 30. g3 g4 31. Be3 h5 32. Bf2 Rh8 33. Rg1 Ke8 34. Rge1 Kf7 35. Rg1 Ree8 36. Kc1 Be7 37. Rge1 Bd6 38. Kc2 Rh6 39. Kc1 h4 40. Kc2 hxg3 41. Bxg3 Rc8 42. Rd1 Be7 43. Rdd2 Bh4 44. Rg2 Bxg3 45. hxg3 Rch8 46. Kd3 Rh1 47. Ke3 Ke7 48. Kd3 R8h3 49. Rdf2 Kd6 50. Kc2 Kd5 51. Kd3 Rd1+ 52. Kc2 Rhh1 53. Re2 Rc1+ 54. Kd3 Rcd1+ 55. Kc2 Rc1+ 56. Kd3 Rhd1+ 57. Ke3 Rf1 58. Rd2 Rf3+ 59. Ke2 Ke4 60. d5 c5 61. d6 Rff1 62. Rd4+ cxd4 63. d7 d3+ 64. Kd2 Rfd1# 0-1

[Event "CZE-ch"]
[Site "Usti nad Labem"]
[Date "2022.05.14"]
[Round "1"]
[White "Jirasko, Miroslav"]
[Black "Sorm, Daniel"]
[Result "1/2-1/2"]
[WhiteElo "2091"]
[BlackElo "2306"]
[PlyCount "126"]
[EventDate "2022.05.14"]
[EventType "swiss"]
[EventRounds "9"]
[EventCountry "CZE"]
[SourceTitle "CBM 208 Extra"]
[Source "ChessBase"]
[SourceDate "2022.07.31"]
[SourceVersion "1"]
[SourceVersionDate "2022.07.31"]
[SourceQuality "1"]

1. e4 c5 2. Nf3 Nc6 3. Bb5 g6 4. Bxc6 dxc6 5. d3 Bg7 6. 0-0 Nf6 7. h3 0-0 8. Nc3 Ne8 9. Be3 b6 10. Qc1 Nc7 11. Bh6 Ne6 12. Ne2 Ba6 13. Bxg7 Kxg7 14. b3 f6 15. Nh2 Nd4 16. Nxd4 cxd4 17. Ng4 Bc8 18. Qh6+ Kg8 19. Nh2 Rf7 20. f4 c5 21. Rae1 Be6 22. Re2 Qd7 23. Rfe1 Rg7 24. e5 f5 25. Nf3 b5 26. Ng5 Rc8 27. h4 Rc6 28. h5 Qe8 29. g4 gxh5 30. gxh5 Bf7 31. e6 Bxh5 32. Rh2 Bg6 33. Ree2 c4 34. Reg2 cxd3 35. Nxh7 Rxe6 36. Ng5 Re1+ 37. Kf2 Re2+ 38. Kf1 Bh7 39. Rxe2 dxe2+ 40. Rxe2 Qc8 41. Qe6+ Qxe6 42. Rxe6 Kf8 43. Rc6 Ke8 44. Ke2 Bg8 45. Rc5 b4 46. Kd3 Rg6 47. Kxd4 Rd6+ 48. Ke5 Kd7 49. Ra5 Kc6 50. Kxf5 Rd5+ 51. Rxd5 Kxd5 52. Kg6 Kd4 53. Kg7 Bd5 54. Kf8 Ke3 55. Kxe7 Kxf4 56. Kd6 Bg8 57. Ne6+ Ke3 58. Kc5 Bxe6 59. Kxb4 Kd4 60. c4 a5+ 61. Kxa5 Bxc4 62. bxc4 Kxc4 63. Kb6 Kb4 1/2-1/2

[Event "Teplice City-ch"]
[Site "Teplice"]
[Date "2022.05.03"]
[Round "8"]
[White "Krehla, Milan"]
[Black "Jirasko, Miroslav"]
[Result "0-1"]
[WhiteElo "1775"]
[BlackElo "2091"]
[PlyCount "50"]
[EventDate "2022.04.05"]
[EventType "tourn"]
[EventRounds "13"]
[EventCountry "CZE"]
[SourceTitle "EXT 2023"]
[Source "ChessBase"]
[SourceDate "2022.10.05"]
[SourceVersion "1"]
[SourceVersionDate "2022.10.05"]
[SourceQuality "1"]

1. e4 c6 2. d4 d5 3. e5 c5 4. c3 Nc6 5. Nf3 cxd4 6. cxd4 Bg4 7. Be3 e6 8. h3 Bxf3 9. Qxf3 Qb6 10. Qe2 Nge7 11. Qb5 Nf5 12. Qxb6 axb6 13. Bb5 Bb4+ 14. Ke2 Ke7 15. Rd1 Ra5 16. a4 Na7 17. Na3 Bxa3 18. Rxa3 Nxb5 19. axb5 Rxb5 20. Rd2 Kd7 21. Rc2 Ne7 22. Ra7 Rb8 23. g4 Ra5 24. Rxa5 bxa5 25. f4 Rc8 0-1

[Event "Teplice City-ch"]
[Site "Teplice"]
[Date "2022.04.29"]
[Round "7"]
[White "Jirasko, Miroslav"]
[Black "Kubik, Miroslav"]
[Result "1-0"]
[WhiteElo "2091"]
[BlackElo "1610"]
[PlyCount "79"]
[EventDate "2022.04.05"]
[EventType "tourn"]
[EventRounds "13"]
[EventCountry "CZE"]
[SourceTitle "EXT 2023"]
[Source "ChessBase"]
[SourceDate "2022.10.05"]
[SourceVersion "1"]
[SourceVersionDate "2022.10.05"]
[SourceQuality "1"]

1. e4 c5 2. Nf3 d6 3. Bb5+ Bd7 4. Bxd7+ Nxd7 5. 0-0 e5 6. c3 Ngf6 7. Qe2 Be7 8. d4 Qc7 9. Rd1 0-0 10. a4 a5 11. Na3 b6 12. Nb5 Qc6 13. d5 Qb7 14. Nh4 Nxd5 15. Rxd5 Bxh4 16. Nxd6 Qc6 17. Nf5 Bf6 18. Qg4 Rad8 19. Rd6 Qxd6 20. Nxd6 Nb8 21. Nf5 g6 22. Bh6 Rfe8 23. Ne3 Rd3 24. Nd5 Bg7 25. Qh4 Nd7 26. Kf1 f5 27. Bxg7 Kxg7 28. Ke2 c4 29. f3 f4 30. b3 Rxd5 31. exd5 cxb3 32. Rb1 Nc5 33. d6 e4 34. fxe4 Rxe4+ 35. Kf1 f3 36. Qxe4 Nxe4 37. d7 Nd2+ 38. Kf2 Nxb1 39. d8Q Nxc3 40. Qd4+ 1-0

[Event "Teplice City-ch"]
[Site "Teplice"]
[Date "2022.04.05"]
[Round "1"]
[White "Toman, Jan"]
[Black "Jirasko, Miroslav"]
[Result "0-1"]
[WhiteElo "1825"]
[BlackElo "2091"]
[PlyCount "50"]
[EventDate "2022.04.05"]
[EventType "tourn"]
[EventRounds "13"]
[EventCountry "CZE"]
[SourceTitle "EXT 2023"]
[Source "ChessBase"]
[SourceDate "2022.10.05"]
[SourceVersion "1"]
[SourceVersionDate "2022.10.05"]
[SourceQuality "1"]

1. d4 Nf6 2. c4 g6 3. Nc3 Bg7 4. e4 d6 5. Be2 0-0 6. Bg5 c5 7. dxc5 Qa5 8. Qd2 Qxc5 9. f3 Nc6 10. Be3 Qa5 11. g4 Be6 12. g5 Nd7 13. h4 Bxc3 14. bxc3 Nce5 15. Bd4 Nxc4 16. Bxc4 Bxc4 17. h5 e5 18. Be3 Nc5 19. Bxc5 dxc5 20. Rc1 Qxa2 21. Rc2 Qb1+ 22. Rc1 Qd3 23. Qxd3 Bxd3 24. c4 Rfd8 25. Nh3 Rd4 0-1

[Event "CZE-ch U16"]
[Site "Herlikovice"]
[Date "2021.10.28"]
[Round "6"]
[White "Jirasko, Miroslav"]
[Black "Bezdek, Tomas"]
[Result "1-0"]
[WhiteElo "2055"]
[BlackElo "1790"]
[PlyCount "79"]
[EventDate "2021.10.23"]
[EventType "swiss"]
[EventRounds "9"]
[EventCountry "CZE"]
[SourceTitle "EXT 2023"]
[Source "ChessBase"]
[SourceDate "2022.10.05"]
[SourceVersion "1"]
[SourceVersionDate "2022.10.05"]
[SourceQuality "1"]

1. e4 c5 2. Nf3 g6 3. c3 Bg7 4. d4 cxd4 5. cxd4 d5 6. exd5 Nf6 7. Nc3 Nxd5 8. Bc4 Nb6 9. Bb3 0-0 10. h3 Bf5 11. 0-0 Nc6 12. Be3 Nb4 13. Qd2 N4d5 14. Bh6 Nxc3 15. bxc3 Be4 16. Bxg7 Kxg7 17. Ne5 f6 18. Ng4 Bd5 19. Rfe1 Rc8 20. Re2 Nc4 21. Qh6+ Kg8 22. Rae1 Rc7 23. h4 Rf7 24. h5 g5 25. f4 Kh8 26. fxg5 fxg5 27. Bxc4 Bxc4 28. Re3 Rg7 29. Ne5 Bf7 30. Nxf7+ Rxf7 31. Qxg5 Rd7 32. Re6 Rg7 33. Qe5 Rd5 34. Qe4 Rdg5 35. Re2 Rg4 36. Qxb7 Qg8 37. Rxe7 Qc4 38. Rxg7 Rxg7 39. Re8+ Rg8 40. Qa8 1-0

[Event "CZE-ch U16"]
[Site "Herlikovice"]
[Date "2021.10.27"]
[Round "5"]
[White "Papousek, Michal"]
[Black "Jirasko, Miroslav"]
[Result "0-1"]
[WhiteElo "1771"]
[BlackElo "2055"]
[PlyCount "96"]
[EventDate "2021.10.23"]
[EventType "swiss"]
[EventRounds "9"]
[EventCountry "CZE"]
[SourceTitle "EXT 2023"]
[Source "ChessBase"]
[SourceDate "2022.10.05"]
[SourceVersion "1"]
[SourceVersionDate "2022.10.05"]
[SourceQuality "1"]

1. d4 Nf6 2. c4 g6 3. Nc3 Bg7 4. Nf3 0-0 5. Bg5 d6 6. e3 Nbd7 7. Be2 c6 8. Qc2 e5 9. 0-0 Re8 10. Rad1 Qc7 11. dxe5 dxe5 12. Nd2 Bf8 13. a3 a5 14. Rb1 h6 15. Bh4 Nh7 16. h3 f5 17. Bg3 Ndf6 18. b4 Kh8 19. c5 f4 20. Bh2 Be6 21. Rfd1 axb4 22. axb4 g5 23. Nc4 Nd5 24. Nxd5 cxd5 25. Nb6 Rad8 26. Kh1 Nf6 27. Bg1 Bg7 28. Rbc1 e4 29. Bh2 Rf8 30. Qd2 Qf7 31. exf4 gxf4 32. Qxf4 Qg6 33. Qg3 Qf5 34. Qf4 Qh7 35. Qh4 d4 36. Bd6 d3 37. Bxf8 Rxf8 38. Bf1 Nd5 39. f3 Ne3 40. Qxe4 Qxe4 41. fxe4 Nxd1 42. Rxd1 Bb3 43. Rxd3 Rxf1+ 44. Kh2 Be5+ 45. g3 Bc2 46. Re3 Bd4 47. Re2 Bd3 48. Rd2 Bxe4 0-1

[Event "Ceske Budejovice op"]
[Site "Ceske Budejovice"]
[Date "2021.07.08"]
[Round "8"]
[White "Jirasko, Miroslav"]
[Black "Hladky, Tadeas"]
[Result "1/2-1/2"]
[WhiteElo "1852"]
[BlackElo "1968"]
[PlyCount "83"]
[EventDate "2021.07.01"]
[EventType "swiss"]
[EventRounds "9"]
[EventCountry "CZE"]
[SourceTitle "CBM 203 Extra"]
[Source "ChessBase"]
[SourceDate "2021.09.30"]
[SourceVersion "1"]
[SourceVersionDate "2021.09.30"]
[SourceQuality "1"]

1. e4 e6 2. d4 d5 3. Nc3 Nf6 4. e5 Nfd7 5. f4 c5 6. Nf3 Nc6 7. Be3 a6 8. Qd2 b5 9. Ne2 Qb6 10. c3 b4 11. g3 Rb8 12. Bh3 bxc3 13. bxc3 Na5 14. 0-0 Nc4 15. Qd3 f5 16. exf6 Nxf6 17. Rab1 Qc7 18. Ng5 Rxb1 19. Rxb1 Qc6 20. dxc5 Nxe3 21. Qxe3 Bxc5 22. Nd4 Bxd4 23. Qxd4 0-0 24. Rb6 Qc4 25. Rb8 Bd7 26. Bxe6+ Bxe6 27. Rxf8+ Kxf8 28. Nxe6+ Kf7 29. Qxc4 dxc4 30. Nc5 Nd5 31. Ne4 Ke7 32. Kf2 Kd7 33. Ke2 Kc6 34. Kd2 a5 35. h4 g6 36. h5 gxh5 37. f5 Kd7 38. Ke2 Ke7 39. Kf3 h6 40. Ke2 Kf7 41. Kf3 Ke7 42. Ke2 1/2-1/2

[Event "Ceske Budejovice op"]
[Site "Ceske Budejovice"]
[Date "2021.07.05"]
[Round "5"]
[White "Jirasko, Miroslav"]
[Black "Hrbolka, Ladislav"]
[Result "1/2-1/2"]
[WhiteElo "1852"]
[BlackElo "2078"]
[PlyCount "52"]
[EventDate "2021.07.01"]
[EventType "swiss"]
[EventRounds "9"]
[EventCountry "CZE"]
[SourceTitle "CBM 203 Extra"]
[Source "ChessBase"]
[SourceDate "2021.09.30"]
[SourceVersion "1"]
[SourceVersionDate "2021.09.30"]
[SourceQuality "1"]

1. e4 c5 2. Nf3 e6 3. d4 cxd4 4. Nxd4 Nc6 5. Nc3 Nf6 6. g3 a6 7. Bg2 Qc7 8. 0-0 d6 9. Re1 Be7 10. Nxc6 bxc6 11. e5 dxe5 12. Rxe5 0-0 13. Re1 Nd5 14. Ne4 Rd8 15. Qh5 f6 16. a3 Bd7 17. c4 Nb6 18. b3 Be8 19. Qe2 Bf7 20. Be3 c5 21. Red1 Rab8 22. Rxd8+ Rxd8 23. Rd1 Rb8 24. Qd2 Rd8 25. Qe1 Nd7 26. Qc3 Rb8 1/2-1/2